000 00271nam a22001217a 4500
003 SGT
082 _a157.9
_bC12T
100 _aTHOMAS. MIKE
245 _aCOGNITIVE BEHAVIOR THERAPY CASE STUDIES
260 _aANGELES
_bSAGE
_c2012
300 _a252
942 _2ddc
_cBK
_03
999 _c15041
_d15041